| 000 | 00791nam a22002177a 4500 | ||
|---|---|---|---|
| 003 | OSt | ||
| 005 | 20260310060925.0 | ||
| 008 | 260310b |||||||| |||| 00| 0 eng d | ||
| 020 | _a978-0-448-09518-9 | ||
| 040 |
_aDWCL GS lib _cOC |
||
| 082 | _2 K26m 1971 | ||
| 100 | _aCAROLYN KEENE | ||
| 245 |
_a Mystery of the moss-covered mansion _cCAROLYN KEENE |
||
| 260 |
_aNew York _bGrosset & Dunlap _c1971 |
||
| 300 |
_avii, 177 pages: _billustrations _c19 cm. |
||
| 520 | _aThe Mystery of the Moss-Covered Mansion by Carolyn Keene tells the story of Nancy Drew who travels to Louisiana to solve a mystery. | ||
| 546 | _aEnglish | ||
| 650 | _2Be brave, Help others, Be determined | ||
| 650 | _2Honesty is important, Help people in need, Be courageous | ||
| 942 |
_2ddc _cFIC. _hFic. _n0 |
||
| 999 |
_c8861 _d8861 |
||